Új utakon a szövetkezet Avagy: hol szorít a cipő? /
Elmentve itt :
| Szerző: | |
|---|---|
| Dokumentumtípus: | Cikk |
| Megjelent: |
1980-04-30
|
| Sorozat: | Délmagyarország
70 No. 100 |
| Kulcsszavak: | Cipész Ktsz. |
| Online Access: | http://dmarchiv.bibl.u-szeged.hu/104389 |
| LEADER | 00479nab a2200157 i 4500 | ||
|---|---|---|---|
| 001 | delm104389 | ||
| 005 | 20190606123441.0 | ||
| 008 | 190606s1980 hu o 0|| hun d | ||
| 040 | |a SZTE Délmagyarország Archívum |b hun | ||
| 041 | |a hun | ||
| 100 | 1 | |a Szávay István | |
| 245 | 1 | 0 | |a Új utakon a szövetkezet |h [elektronikus dokumentum] : |b Avagy: hol szorít a cipő? / |c Szávay István |
| 260 | |c 1980-04-30 | ||
| 300 | |a 4 | ||
| 490 | 0 | |a Délmagyarország |v 70 No. 100 | |
| 695 | |a Cipész Ktsz. | ||